000 01426nam2a22002531 4500
001 RU\NLR\A1SV\122391
005 20251214191940.0
035 _a(NLR Aleph) 010443060
090 _a13489147
_c13489147
100 _a20131030d1922 u y0rusy50 ca
101 0 _arus
200 0 _aТ.2
215 _a158, IV, 88, II, [2], 72, [1] с.
327 1 _aСправочник по практической хирургии/ Проф. С.Р.Миротворцев (С.158 1-й паг., IV с.)
_aКраткий терапевтический справочник по кожным и венерическим болезням / Проф. П.С.Григорьев (С.88 2-й паг., II [2-го ряда], [2])
_aСправочник по глазным болезням / Проф. К.А.Юдин (С.72 3-ей паг., [1] с.)
461 1 _1001RU\NLR\A1SV\122387
_12000#$vТ.2
_99898247
_cСаратов
_d1922
_nГос. изд.
_tТерапевтический справочник
_vТ.2
702 1 _7ca
_8rus
_aГригорьев
_bП. С.
_cврач-дерматовенеролог
_f1879-1940
_gПавел Семенович
_9249265
_3RU\NLR\AUTH\770249321
702 1 _aМиротворцев
_bС.Р.
_gСергей Романович
702 1 _aЮдин
_bК.А.
_f1874-
_gКонстантин Александрович
801 0 _aRU
_bNLR
_c20131030
852 _aNLR
942 _cBOOK
980 _aA1SV
980 _aNB